Standard form of agreement for the appointment of an architect (Record no. 105320)

MARC details
000 -LEADER
fixed length control field 00919cam a2200241 4500
001 - CONTROL NUMBER
control field ##L133075
008 - FIXED-LENGTH DATA ELEMENTS--GENERAL INFORMATION
fixed length control field 060407n2004 000 0 eng u
020 ## - INTERNATIONAL STANDARD BOOK NUMBER
International Standard Book Number 1859461468
035 ## - SYSTEM CONTROL NUMBER
System control number (Sirsi) u133075
041 0# - LANGUAGE CODE
Language code of text/sound track or separate title eng
050 04 - LIBRARY OF CONGRESS CALL NUMBER
Classification number 331.204172 $2 18
110 2# - MAIN ENTRY--CORPORATE NAME
Corporate name or jurisdiction name as entry element Royal Institute of British Architects
9 (RLIN) 2527
245 00 - TITLE STATEMENT
Title Standard form of agreement for the appointment of an architect
Remainder of title (SFA/99) (updated April 2004)
260 ## - PUBLICATION, DISTRIBUTION, ETC.
Place of publication, distribution, etc. London
Name of publisher, distributor, etc. RIBA Publications
Date of publication, distribution, etc. 2004
300 ## - PHYSICAL DESCRIPTION
Extent 16p.
Dimensions 30cm.
350 ## - PRICE (NR) (BK AM CF MU VM SE) [OBSOLETE]
Price 12.50
505 0# - FORMATTED CONTENTS NOTE
Formatted contents note Memorandum of agreement - Project description - Services - Fees and expenses - Other appointments - Services supplement for a fully designed project - Conditions of engagement - Notes on the use and completion of SFA/99
650 24 - SUBJECT ADDED ENTRY--TOPICAL TERM
Topical term or geographic name entry element STANDARD FORM OF AGREEMENT
650 24 - SUBJECT ADDED ENTRY--TOPICAL TERM
Topical term or geographic name entry element SFA/99
690 ## - LOCAL SUBJECT ADDED ENTRY--TOPICAL TERM (OCLC, RLIN)
Topical term or geographic name as entry element MANAGEMENT-BUSINESS MANAGEMENT-PROFESSIONAL PRACTICE
942 ## - ADDED ENTRY ELEMENTS (KOHA)
Suppress in OPAC 0
Holdings
Withdrawn status Lost status Source of classification or shelving scheme Damaged status Not for loan Home library Current library Shelving location Date acquired Cost, normal purchase price Total Checkouts Full call number Barcode Date last seen Copy number Cost, replacement price Price effective from Koha item type
    Dewey Decimal Classification     London London Basement 01/09/2006 14.69   BASEMENT 30072924 06/08/2019 1 14.69 06/08/2019 Book